<?xml version="1.0" encoding="UTF-8"?>
<record
    xmlns:xsi="http://www.w3.org/2001/XMLSchema-instance"
    xsi:schemaLocation="http://www.loc.gov/MARC21/slim http://www.loc.gov/standards/marcxml/schema/MARC21slim.xsd"
    xmlns="http://www.loc.gov/MARC21/slim">

  <leader>00942cam a22002411  4500</leader>
  <controlfield tag="001">ne 62000156 </controlfield>
  <controlfield tag="003">DLC</controlfield>
  <controlfield tag="005">20260227111734.0</controlfield>
  <controlfield tag="008">790210s1860    xx            000 0 ger  </controlfield>
  <datafield tag="010" ind1=" " ind2=" ">
    <subfield code="a">ne 62000156 </subfield>
  </datafield>
  <datafield tag="035" ind1=" " ind2=" ">
    <subfield code="a">(OCoLC)4637782</subfield>
  </datafield>
  <datafield tag="040" ind1=" " ind2=" ">
    <subfield code="a">DLC</subfield>
    <subfield code="c">OCl</subfield>
    <subfield code="d">OCoLC</subfield>
    <subfield code="d">DLC</subfield>
  </datafield>
  <datafield tag="041" ind1="0" ind2=" ">
    <subfield code="a">gerarapertur</subfield>
  </datafield>
  <datafield tag="042" ind1=" " ind2=" ">
    <subfield code="a">premarc</subfield>
  </datafield>
  <datafield tag="050" ind1="0" ind2="0">
    <subfield code="a">PJ7755.B8</subfield>
    <subfield code="b">B85</subfield>
  </datafield>
  <datafield tag="100" ind1="1" ind2=" ">
    <subfield code="a">B&#x16B;&#x1E63;&#x12B;r&#x12B;, Sharaf al-D&#x12B;n Mu&#x1E25;ammad ibn Sa&#x2BB;&#x12B;d,</subfield>
    <subfield code="d">1213?-1296?</subfield>
  </datafield>
  <datafield tag="245" ind1="0" ind2="4">
    <subfield code="a">Die Burda,</subfield>
    <subfield code="b">ein Lobgedicht auf Muhammad von al-Bus&#xEE;r&#xEE;, neu hrsg. im arabischen Texmit metrischer persischer und t&#xFC;rkischer &#xDC;bersetzung. Ins Deutsche &#xFC;bertragen und mit Anmerkungen versehen von C. A. Ralfs. Bevorwortet von Walter Behrnauer.</subfield>
  </datafield>
  <datafield tag="260" ind1=" " ind2=" ">
    <subfield code="a">Wien,</subfield>
    <subfield code="b">Aus der Kaiserlich-K&#xF6;niglichen Hof- und Staatsdruckerei,</subfield>
    <subfield code="c">1860.</subfield>
  </datafield>
  <datafield tag="300" ind1=" " ind2=" ">
    <subfield code="a">26, 34 p.</subfield>
    <subfield code="c">26 cm.</subfield>
  </datafield>
  <datafield tag="500" ind1=" " ind2=" ">
    <subfield code="a">Added t.-p.: arabic.</subfield>
  </datafield>
  <datafield tag="700" ind1="1" ind2=" ">
    <subfield code="a">Ralfs, C. A.,</subfield>
    <subfield code="d">1832-1859,</subfield>
    <subfield code="e">ed. and tr.</subfield>
  </datafield>
  <datafield tag="740" ind1="3" ind2=" ">
    <subfield code="a">al-Burdah.</subfield>
  </datafield>
  <datafield tag="999" ind1=" " ind2=" ">
    <subfield code="c">45000</subfield>
    <subfield code="d">45000</subfield>
  </datafield>
</record>
